| 000 | 01694nam a22002897a 4500 | ||
|---|---|---|---|
| 005 | 20100518103734.0 | ||
| 010 | _aENG-96104 B-441272-275 | ||
| 020 |
_a9788120339804 _c350.00 |
||
| 035 | _aEN-79637 | ||
| 035 | _aB-441272-275 | ||
| 037 | _bDBAD/PUB | ||
| 037 | _bAllied Publishers | ||
| 082 | _a320.6 | ||
| 100 |
_aSapru,R.K. _930414 |
||
| 245 |
_aPublic policy : _cby R.K.Sapru _bart and craft of policy analysis / |
||
| 260 |
_aNew Delhi _bPHI Leaening _c2010 |
||
| 270 |
_aM-97, Connaught Circus, _bNew Delhi _e110012 |
||
| 300 |
_axviii,344p. _c23cm (pbk) |
||
| 500 | _aIncludes index | ||
| 942 |
_2ddc _cEN _mSAP _h320.6 |
||
| 999 |
_c36151 _d36151 |
||